000 01525nam0a2200325 i 4500
001 RU\NLR\BIBL_A\011314174
005 20260407105203.0
010 _a9785190110012
_9200
021 _aRU
_b2016-97719
_96484
035 _a(NLR Aleph) 011314174
090 _a11037792
_c11037792
100 _a20170123d2016 km y0rusy50 ca
101 0 _arus
102 _aRU
105 _aa|||z|||000zy
200 1 _aПортрет говорящего начала XXI века
_eколлективная монография
_e[сборник статей]
_fМГУ им. М.В. Ломоносова, Филол. фак.
_gпод ред. О.Е. Фроловой
210 _aМосква
_cИзд-во Московского университета
_d2016
215 _a230, [1] с.
_cил.
_d21
320 _aБиблиогр. в конце ст.
606 1 _aРусский язык
_xИстория
_z21 в.
_92212546
_3RU\NLR\AUTH\6601562812
606 1 _aЯзыковая личность
_92430061
_3RU\NLR\AUTH\661446479
686 1 _aШ141.12-014
686 1 _aШ100.42
702 1 _4340
_7ca
_8rus
_aФролова
_bО. Е.
_cд-р филол. наук, канд. пед. наук
_gОльга Евгеньевна
_9169453
_3RU\NLR\AUTH\770169503
712 0 2 _4570
_aМГУ им. М. В. Ломоносова
_bФилологический факультет
_3RU\NLR\AUTH\889936559
_9367923
942 _cBOOK
980 _aNBR